Central Library OPAC University of Rajshahi

Bridge to Islam : (Record no. 32856)

MARC details
000 -LEADER
fixed length control field 00916nam a22002771 4500
001 - CONTROL NUMBER
control field 32856
003 - CONTROL NUMBER IDENTIFIER
rucl marc code BD-RjUL
005 - DATE AND TIME OF LATEST TRANSACTION
control field 20211209051915.0
008 - FIXED-LENGTH DATA ELEMENTS--GENERAL INFORMATION
fixed length control field 140429s1953 enka b 001 0 eng
035 ## - SYSTEM CONTROL NUMBER
System control number (BD-RjUL)32946
System control number (OCoLC)381438
040 ## - CATALOGING SOURCE
Original cataloging agency DLC
Transcribing agency ODaWU
Modifying agency OCoLC
-- Uk
-- DLC
-- BD-RjUL
Language of cataloging eng
041 ## - LANGUAGE CODE
Language code of text/sound track or separate title eng
082 ## - DEWEY DECIMAL CLASSIFICATION NUMBER
Classification number 297
Author mark and year BEB 1953
100 1# - MAIN ENTRY--PERSONAL NAME
Personal name Bethmann, Erich W.
9 (RLIN) 99893
245 10 - TITLE STATEMENT
Title Bridge to Islam :
Remainder of title a study of the religious forces of Islām and Christianity in the Near East /
Statement of responsibility, etc. by Erich W.Bethmann.
260 ## - PUBLICATION, DISTRIBUTION, ETC. (IMPRINT)
Place of publication, distribution, etc. London :
Name of publisher, distributor, etc. Allen & Unwin,
Date of publication, distribution, etc. 1953.
300 ## - PHYSICAL DESCRIPTION
Pagination 240 p. :
Illustrations illus. ;
Size 21 cm.
504 ## - BIBLIOGRAPHY, ETC. NOTE
Bibliography, etc Includes bibliography & Index.
650 #0 - SUBJECT ADDED ENTRY--TOPICAL TERM
Topical term or geographic name as entry element Islam.
9 (RLIN) 99894
Topical term or geographic name as entry element Islam
General subdivision Relations
-- Christianity.
9 (RLIN) 5519
Topical term or geographic name as entry element Christianity and other religions
General subdivision Islam.
9 (RLIN) 5518
Topical term or geographic name as entry element Seventh-Day Adventists
General subdivision Missions.
9 (RLIN) 99895
942 ## - ADDED ENTRY ELEMENTS (KOHA)
Source of classification or shelving scheme Dewey Decimal Classification
Koha item type Books
Holdings
Lost status Source of classification or shelving scheme Damaged status Not for loan Collection code Permanent Location Current Location Shelving location Date acquired Source of acquisition Cost, normal purchase price Total Checkouts Full call number Date last seen Copy number Koha item type Date checked out
  Dewey Decimal Classification   Not For Loan Non-fiction Central Library, University of Rajshahi Central Library, University of Rajshahi Reading Room 08/12/1955 publish Limited org. 12.30   297 BEB 1953 28/04/2014 C-1 Books  
  Dewey Decimal Classification     Non-fiction Central Library, University of Rajshahi Central Library, University of Rajshahi   03/07/1963 Zeitlinger 15.00   297 BEB 1953 15/07/2018 C-2 Books  
  Dewey Decimal Classification     Non-fiction Central Library, University of Rajshahi Central Library, University of Rajshahi   16/11/1966 Dacca, Qureshi, 10.05 2 297 BEB 1953 02/02/2020 C-3 Books 16/01/2020